00737nam a2200169Ia 4500008004100000020001800041041000800059082001700067100002800084245018900112250000600301260006500307300001300372650002900385999001900414952013400433210716s2009 xx 000 0 und d a9788184047646 aeng a004.607 SILT aSilver, Tessa Blakeley. aJoomla 1.5 template design: create your own professional quality templates with this fast friendly guide.bCreate your own professional quality templates with this fast friendly guide. a1 aNew DelhibShroff Publishers and Distributors Pvt Ltdc2009 avi,267,5 aWeb Design & Development c194826d194826 001040708MCAaAIMITbAIMITeBiblios Book Pointg799.00l0o004.607 SILTpMCA14334r2025-07-21 00:00:00v631.21w2021-07-16yBK